书目信息 |
| 题名: |
东西方文化视野中的朱载堉及其学术成就
|
|
| 作者: | 卓仁祥 著 ;隆玉麟 译 | |
| 分册: | ||
| 出版信息: | 北京 中央音乐学院出版社 2009.05 |
|
| 页数: | 210页 | |
| 开本: | 21cm | |
| 丛书名: | ||
| 单 册: | ||
| 中图分类: | J612.1 | |
| 科图分类: | ||
| 主题词: | 十二平均律 | |
| 电子资源: | ||
| ISBN: | 978-7-81096-325-1 | |
| 000 | 00925nam0 2200265 450 | |
| 001 | 010010033115 | |
| 005 | 20091230085058.07 | |
| 010 | @a978-7-81096-325-1@dCNY22.00 | |
| 100 | @a20091116d2009 em y0chiy0110 ea | |
| 101 | 1 | @achi@ceng |
| 102 | @aCN@b110000 | |
| 105 | @ay z 000yy | |
| 106 | @ar | |
| 200 | 1 | @a东西方文化视野中的朱载堉及其学术成就@9dong xi fang wen hua shi ye zhong de zhu zai yu ji qi xue shu cheng jiu@f卓仁祥著@g隆玉麟译 |
| 210 | @a北京@c中央音乐学院出版社@d2009.05 | |
| 215 | @a210页@d21cm | |
| 330 | @a本书分上、中、下三篇,主要内容包括:古代文化中的音乐和宇宙观;东方与西方的心智相遇;东西双方的探索。 | |
| 600 | 0 | @a朱载堉@f1536~1611@x十二平均律@x研究 |
| 600 | 0 | @a朱载堉@f1536~1611 |
| 606 | 0 | @a十二平均律 |
| 690 | @aJ612.1@v4 | |
| 701 | 0 | @a卓仁祥@9zhuo ren xiang@4著 |
| 702 | 0 | @a隆玉麟@9long yu lin@4译 |
| 801 | 0 | @aCN@bRENTIAN@c20091230 |
| 905 | @b20798722-26@dJ612.1@e568@f5 | |
| 东西方文化视野中的朱载堉及其学术成就/卓仁祥著/隆玉麟译.-北京:中央音乐学院出版社,2009.05 |
| 210页;21cm |
| ISBN 978-7-81096-325-1:CNY22.00 |
| 本书分上、中、下三篇,主要内容包括:古代文化中的音乐和宇宙观;东方与西方的心智相遇;东西双方的探索。 |
| ● |
| 相关链接 |
|
|
|
|
正题名:东西方文化视野中的朱载堉及其学术成就
索取号:J612.1/568
 
预约/预借
| 序号 | 登录号 | 条形码 | 馆藏地/架位号 | 状态 | 备注 |
| 1 | 798722 | 207987222 | 第一样本阅览室/ [索取号:J612.1/568] | 在馆 | |
| 2 | 798723 | 207987231 | 第一借阅区/ [索取号:J612.1/568] | 在馆 | |
| 3 | 798724 | 207987240 | 第一借阅区/ [索取号:J612.1/568] | 在馆 | |
| 4 | 798725 | 207987259 | 第一借阅区/ [索取号:J612.1/568] | 在馆 | |
| 5 | 798726 | 207987268 | 第一借阅区/ [索取号:J612.1/568] | 在馆 |